• 首页
  • 本馆介绍
  • 公告通知
  • 最新文献
  • 馆藏检索
  • 电子资源
  • 读者导购
  • 参考咨询
  • 我的图书馆
  • 登录
  • 详细信息显示
  • 放入我的书架
  • 预约/预借图书
  • 作者相关作品
  • 分类相关作品
  • 丛书相关作品
  • 出版社相关作品

书目信息

  • 表格格式
  • 工作单格式
  • 卡片格式
题名:
管理学历史与现状
    
 
作者: 小钱德勒 著 ;郭斌 译
分册:  
出版信息: 大连   东北财经大学出版社  2001
页数: 527页
开本: 24cm
丛书名: 工商管理经典译丛
单 册:
中图分类: F279.712.3
科图分类:
主题词: 企业管理--概况--美国
电子资源:
ISBN: 7-81044-681-9
000 00908nam0 2200253 45
001 0309230859
005 20031219104116.0
010    @a7-81044-681-9@dCNY58.00
100    @a20030923d2001 km y0chiy0120 ea
101 0  @achi@ceng
105    @aa z 000yy
200 1  @a管理学历史与现状@AGuan Li Xue Li Shi Yu Xian Zhuang@f(美)小钱德勒(Chandler,Jr.,A.D.)等著@F(Mei)Xiao Qian De Le(Chandler,Jr.,A.D.)Deng Zhu@g郭斌译
210    @a大连@c东北财经大学出版社@d2001
215    @a527页@d24cm
225    @a工商管理经典译丛
304    @a书名原文:Management Past and Present:A Casebook on the History of American Business
410    @12001 @a工商管理经典译丛
461    @12001 @a工商管理经典译丛
606 0  @a企业管理@x概况@y美国
690    @aF279.712.3@v4
701  0 @a小钱德勒@bChandler,Jr.,A.D.@4著
702  0 @a郭斌@AGuo Bin@4译
801    @aCN@bTSTC@c20030923
905    @b326172-173@dF279.712.3@e129@f2
    
    管理学历史与现状/(美)小钱德勒(Chandler,Jr.,A.D.)等著/郭斌译.-大连:东北财经大学出版社,2001
    527页;24cm.-(工商管理经典译丛)
    
    
    ISBN 7-81044-681-9:CNY58.00
    
●
相关链接 在E读中查询图书 在五车中查询图书 在当当中查询图书 在豆瓣中查询图书


正题名:管理学历史与现状     索取号:F279.712.3/129         预约/预借

序号 登录号 条形码 馆藏地/架位号 状态 备注
1 0326172   203261727   第一借阅区/ [索取号:F279.712.3/129] 在馆    
2 0326173   203261736   第一样本阅览室/ [索取号:F279.712.3/129] 在馆    
唐山师范学院图书馆 欢迎您!
大连网信软件有限公司© 版权所有